LEADER 00879nam0-22003251--450- 001 990009387810403321 005 20110628161811.0 010 $a0471934607$bpaperback 035 $a000938781 035 $aFED01000938781 035 $a(Aleph)000938781FED01 035 $a000938781 100 $a20110628d1993----km-y0itay50------ba 101 0 $aeng 105 $a--------001yy 200 1 $aImmunohistochemistry II$fedited by A. C. Cuello 205 $aRev. ed. 210 $aChichester ; New York$cWiley$dc1993 215 $aXV, 456 p.$d25 cm 225 1 $aIBRO handbook series$v14 610 0 $aIstochimica 610 0 $aImmunologia 702 1$aCuello,$bA. C. 801 0$aIT$bUNINA$gRICA$2UNIMARC 901 $aBK 912 $a990009387810403321 952 $aIIId C 332$b13364$fDMVSF 959 $aDMVSF 996 $aImmunohistochemistry II$9764275 997 $aUNINA